Users Not Customers (Record no. 331109)

MARC details
000 -LEADER
fixed length control field 00501nam a2200169Ia 4500
008 - FIXED-LENGTH DATA ELEMENTS--GENERAL INFORMATION
fixed length control field 230718s9999 xx 000 0 und d
020 ## - INTERNATIONAL STANDARD BOOK NUMBER
International Standard Book Number 9780670920976
041 ## - LANGUAGE CODE
Language code of text/sound track or separate title eng
082 ## - DEWEY DECIMAL CLASSIFICATION NUMBER
Classification number 658.8'12
Item number SHA
100 ## - MAIN ENTRY--PERSONAL NAME
Personal name Shapiro A.
9 (RLIN) 193696
245 ## - TITLE STATEMENT
Title Users Not Customers
Remainder of title Who Really Determines The Success Of Your Business
260 ## - PUBLICATION, DISTRIBUTION, ETC. (IMPRINT)
Date of publication, distribution, etc. 2011
Name of publisher, distributor, etc. Portfolio/Penguin
300 ## - PHYSICAL DESCRIPTION
Extent 243
365 ## - TRADE PRICE
Currency code Rs.
Price amount 499.00
700 ## - ADDED ENTRY--PERSONAL NAME
Personal name Shapiro A.
9 (RLIN) 193696
906 ## - LOCAL DATA ELEMENT F, LDF (RLIN)
d O:0296007-Aug-2012B:74716-Jul-2012
c MGMT
b 109.78
Holdings
Withdrawn status Lost status Damaged status Not for loan Home library Current library Date acquired Vendor Budget Code Cost, normal purchase price Bill number Total Checkouts Full call number Barcode Date last seen Discount Cost, replacement price Bill Date Koha item type Original Barcode
        Cummins College of Engineering for Women Pune Cummins College of Engineering for Women Pune 06/08/2012 Technical Book Services MGMT 389.22 747   658.8'12 CCEP-BK-42316 18/07/2023 109.78 499.00 16/07/2012 Books 042316